Statystyki dla Województwa Polski (z Mapą)

Kliknij tutaj aby rozwiązać quiz!

Ogólne statystyki

  • Ten quiz został rozwiązany 169 862 razy
  • Średni wynik to 14 z 16

Odpowiedzi na mapie

Odpowiedzi skodowane kolorowo w zielono-czerwonej skali na mapie do tego quizu, zgodnie z poniższymi procentami.
Ładowanie ...
 

Statystyki odpowiedzi

Województwa% Poprawnych
Pomorskie
95%
Mazowieckie
95%
Śląskie
93%
Wielkopolskie
91%
Małopolskie
90%
Lubelskie
88%
Podlaskie
87%
Dolnośląskie
86%
Zachodniopomorskie
86%
Lubuskie
85%
Łódzkie
81%
Opolskie
80%
Warmińsko - mazurskie
80%
Kujawsko - pomorskie
78%
Podkarpackie
78%
Świętokrzyskie
77%

Rozkład punktacji

Percentyl według liczby udzielonych odpowiedzi

Procent ludzi z każdym wynikiem

Twoja historia wyników

Nie rozwiązałeś tego quizu